[Event "32nd ECC Women 2016"]
[Site "Novi Sad SRB"]
[Date "2016.11.09"]
[Round "4.4"]
[Board "1"]
[White "Socko, Monika"]
[Black "Berzina, Ilze"]
[Result "1/2-1/2"]
[WhiteTitle "GM"]
[BlackTitle "WGM"]
[WhiteElo "2428"]
[BlackElo "2283"]
[WhiteTeam "ASD C.S.R. Fischer Chieti"]
[BlackTeam "Kaunas CC Margiris"]
[WhiteFideId "1106619"]
[BlackFideId "11601345"]
[EventDate "2016.11.06"]

1. e4 c6 2. d4 d5 3. e5 c5 4. dxc5 Nc6 5. a3 Nxe5 6. b4 a6 7. Bb2 Nc6 8. Nf3 Bg4
9. Be2 e6 10. h3 Bh5 11. O-O Nf6 12. c4 dxc4 13. Qc2 Be7 14. Rd1 Qc7 15. Qxc4
O-O 16. Nc3 Rad8 17. Rac1 Rxd1+ 18. Rxd1 Rd8 19. Rxd8+ Qxd8 20. Qf4 h6 21. Bc4
Bg6 22. Qe3 Qc7 23. g3 e5 24. Nd5 Nxd5 25. Bxd5 Bf6 26. Bxc6 Qxc6 27. Bxe5 Bg5
28. Nxg5 hxg5 29. Qxg5 Qe4 30. Qe3 Qxe3 31. fxe3 f6 32. Bd6 Kf7 33. Kf2 Be4 34.
h4 f5 35. g4 fxg4 36. Kg3 Ke6 37. Kxg4 g6 38. Kg5 Kd5 39. Kf6 Bc2 40. Bf4 Be4
41. Ke7 Bf5 42. Kd8 Kc6 43. Bc7 Kd5 44. Ba5 Kc6 45. Bb6 Be4 46. Ke7 Kd5 47. Kd7
Bf3 48. Kc7 Ke6 49. a4 Bc6 50. Ba7 Ke7 51. Bb8 Ke6 52. Kb6 Kd7 53. b5 axb5 54.
axb5 Be4 55. Be5 Ke6 56. Bd4 Kd7 57. Ka7 Kc8 58. Bc3 Bd5 59. Bb4 Be4 60. c6 bxc6
61. b6 c5 62. Bxc5 Bb7 63. Bd4 Bc6 64. Ka6 Bb7+ 65. Ka7 Bc6 66. Bb2 Bb7 67. Ba3
Bc6 68. Ka6 Bb7+ 69. Kb5 Kd7 70. Kc5 Ke6 71. Bb2 Ba8 72. Kd4 Kf5 73. Ba3 Bb7 74.
Be7 Ba8 75. Bg5 Bb7 76. Bf4 Ba8 77. Kc5 Ke6 78. Kb5 Bb7 79. e4 Kd7 80. e5 Ke6
81. Kc5 Ba8 82. Kd4 Bb7 83. Bc1 Ba8 84. Bb2 Bb7 85. Ke3 Kf5 86. Kf2 Ba8 87. Kg3
Bb7 88. h5 gxh5 89. Kh4 Bf3 90. Bc3 Ke6 91. Kg5 Bb7 92. Kxh5 Kf7 93. Kg5 Ba6 94.
Kf5 Bc8+ 95. Ke4 Ke6 96. Kf4 Bb7 97. Bd4 Ba6 98. Kg5 Kf7 99. Bc5 Bb7 100. Bd6
Ba6 101. Kf5 Bc8+ 102. Ke4 Bb7+ 103. Kd4 Ke6 104. Kc5 Ba8 105. Kb5 Bb7 106. Bb8
Kd5 107. Bc7 Ke6 108. Kc5 Ba8 109. Kd4 Bb7 110. Ke3 Ba8 111. Kf4 Bb7 112. Kg4
Ba6 113. Kh5 Kf7 114. Kh6 Bb7 115. Bd8 Ba6 116. Kg5 1/2-1/2

[Event "32nd ECC Women 2016"]
[Site "Novi Sad SRB"]
[Date "2016.11.09"]
[Round "4.4"]
[Board "2"]
[White "Sibajeva, Marija"]
[Black "Zimina, Olga"]
[Result "0-1"]
[WhiteTitle "WCM"]
[BlackTitle "IM"]
[WhiteElo "1869"]
[BlackElo "2394"]
[WhiteTeam "Kaunas CC Margiris"]
[BlackTeam "ASD C.S.R. Fischer Chieti"]
[WhiteFideId "12807583"]
[BlackFideId "4132190"]
[EventDate "2016.11.06"]

1. d4 d5 2. c4 c6 3. Nf3 Nf6 4. Qc2 dxc4 5. Qxc4 Bf5 6. Nc3 e6 7. Bg5 Be7 8. g3
Qb6 9. Qb3 Na6 10. Qxb6 axb6 11. Bg2 h6 12. Bxf6 Bxf6 13. O-O O-O 14. Rfd1 Rfd8
15. a3 b5 16. e4 Bh7 17. h4 b4 18. axb4 Nxb4 19. Rxa8 Rxa8 20. Nh2 Rd8 21. Ne2
c5 22. f4 cxd4 23. e5 Be7 24. Bxb7 Bc5 25. Kf1 Bc2 26. Rd2 d3 27. Nc3 Be3 28.
Nf3 f6 29. Rh2 Rb8 30. Be4 f5 0-1

[Event "32nd ECC Women 2016"]
[Site "Novi Sad SRB"]
[Date "2016.11.09"]
[Round "4.4"]
[Board "3"]
[White "Paolillo, Gaia"]
[Black "Gailiunaite, Saule"]
[Result "1-0"]
[WhiteTitle "WFM"]
[WhiteElo "2013"]
[BlackElo "1804"]
[WhiteTeam "ASD C.S.R. Fischer Chieti"]
[BlackTeam "Kaunas CC Margiris"]
[WhiteFideId "864986"]
[BlackFideId "12807737"]
[EventDate "2016.11.06"]

1. e4 c5 2. Nf3 Nc6 3. Bb5 g6 4. O-O Bg7 5. Bxc6 bxc6 6. Re1 Nh6 7. c3 O-O 8. d4
cxd4 9. cxd4 d5 10. e5 f6 11. exf6 exf6 12. Nbd2 Re8 13. Nb3 Bg4 14. Bd2 Qb6 15.
h3 Rxe1+ 16. Bxe1 Bxf3 17. Qxf3 f5 18. Qe3 a5 19. Bxa5 Rxa5 20. Nxa5 Qxa5 21.
Qe8+ Bf8 22. Qxc6 Nf7 23. Qc3 Qb6 24. a4 Bb4 25. a5 Qb8 26. Qb3 Bd6 27. Qxb8+
Bxb8 28. a6 Ba7 29. Rc1 Nd6 30. Rc7 Bxd4 31. a7 Bxa7 32. Rxa7 Nc4 33. b4 h5 34.
b5 Kf8 35. Rd7 Ke8 36. Rxd5 Ke7 37. Rc5 Nd6 38. b6 Kd7 39. Rc7+ Kd8 40. Rg7 Kc8
41. Rxg6 Nc4 42. Kh2 Kb7 43. Kg3 Nxb6 44. Rxb6+ Kxb6 45. Kf4 Kc5 46. Kxf5 Kd5
47. g4 hxg4 48. hxg4 1-0

[Event "32nd ECC Women 2016"]
[Site "Novi Sad SRB"]
[Date "2016.11.09"]
[Round "4.4"]
[Board "4"]
[White "Perminaite, Guoda"]
[Black "Di Primio, Eugenia"]
[Result "1-0"]
[WhiteElo "1762"]
[BlackElo "1928"]
[WhiteTeam "Kaunas CC Margiris"]
[BlackTeam "ASD C.S.R. Fischer Chieti"]
[WhiteFideId "12808784"]
[BlackFideId "821942"]
[EventDate "2016.11.06"]

1. e4 d6 2. d4 g6 3. Nc3 Bg7 4. Bc4 e6 5. Nf3 Nd7 6. Be3 a6 7. a4 b6 8. Qd2 Bb7
9. Rd1 Ne7 10. Bh6 Bxh6 11. Qxh6 Ng8 12. Qf4 Qf6 13. Qxf6 Ngxf6 14. Bd3 O-O 15.
O-O Rfe8 16. Nd2 Kg7 17. h3 Nh5 18. f4 f5 19. e5 dxe5 20. dxe5 Kf7 21. Kh2 Nc5
22. Be2 Rad8 23. Nf3 h6 24. Nd4 Ng7 25. b4 Nd7 26. Bf3 Bxf3 27. Rxf3 Nb8 28.
Rfd3 Ke7 29. b5 a5 30. g4 Rf8 31. Kg3 g5 32. fxg5 hxg5 33. Nf3 Rxd3 34. Rxd3 Nd7
35. Rd4 fxg4 36. hxg4 Rh8 37. Ne4 Rh1 38. Nexg5 Rc1 39. Rc4 Ne8 40. Kf4 Rf1 41.
Kg3 Rd1 42. Rf4 Nc5 43. Nd4 Nd6 44. Nc6+ Ke8 45. exd6 cxd6 46. Rd4 Rxd4 47. Nxd4
e5 48. Nde6 Nxa4 49. Nc7+ Kd7 50. Nd5 Kc8 51. Ne4 Nc5 52. Nxb6+ Kb7 53. Nxc5+ 1-0

[Event "32nd ECC Women 2016"]
[Site "Novi Sad SRB"]
[Date "2016.11.09"]
[Round "4.5"]
[Board "1"]
[White "Paehtz, Elisabeth"]
[Black "Bodnaruk, Anastasia"]
[Result "0-1"]
[WhiteTitle "IM"]
[BlackTitle "IM"]
[WhiteElo "2474"]
[BlackElo "2470"]
[WhiteTeam "SS Lazio Scacchi"]
[BlackTeam "Chigorin Chess Club St Petersburg"]
[WhiteFideId "4641833"]
[BlackFideId "4181751"]
[EventDate "2016.11.06"]

1. d4 Nf6 2. c4 g6 3. Nc3 Bg7 4. e4 O-O 5. Be2 c6 6. h4 d5 7. e5 Ne4 8. h5 Qa5
9. Bd2 Nxd2 10. Qxd2 dxc4 11. hxg6 hxg6 12. Bxc4 Qb4 13. Bb3 c5 14. Nge2 Nc6 15.
Qg5 Nxd4 16. Kf1 Be6 17. Nxd4 Qxd4 18. Re1 Bxb3 19. axb3 Rad8 20. Rh3 b6 21. Nb5
Qb4 22. Nc3 Rd4 23. Qxe7 Qxb3 24. Kg1 Qxb2 25. e6 Rf4 26. Ne4 f5 27. Nd6 Qxf2+
28. Kh2 Qxe1 29. Ne8 Qe5 30. Kg1 Rc4 31. Rg3 Rc1+ 32. Kh2 Rc3 0-1

[Event "32nd ECC Women 2016"]
[Site "Novi Sad SRB"]
[Date "2016.11.09"]
[Round "4.5"]
[Board "2"]
[White "Ovod, Evgenija"]
[Black "Brunello, Marina"]
[Result "1/2-1/2"]
[WhiteTitle "IM"]
[BlackTitle "FM"]
[WhiteElo "2375"]
[BlackElo "2349"]
[WhiteTeam "Chigorin Chess Club St Petersburg"]
[BlackTeam "SS Lazio Scacchi"]
[WhiteFideId "4131827"]
[BlackFideId "822590"]
[EventDate "2016.11.06"]

1. c4 c6 2. Nf3 d5 3. e3 Nf6 4. Nc3 e6 5. b3 Nbd7 6. Qc2 Bd6 7. Bb2 O-O 8. Be2
b6 9. Rg1 Bb7 10. g4 e5 11. g5 Ne8 12. h4 Nc7 13. h5 Ne6 14. cxd5 cxd5 15. Nb5
Bb8 16. Qf5 a6 17. Na3 Qe7 18. Nc2 Rc8 19. g6 fxg6 20. hxg6 h6 21. O-O-O Rf8 22.
Qh3 Bd6 23. Nh4 b5 24. Nf5 Rxf5 25. Qxf5 Rf8 26. Qh3 Rxf2 27. Bg4 Ng5 28. Qh4
Nc5 29. d3 Qf8 30. Rd2 e4 31. Ne1 Rf1 32. Rxf1 Qxf1 33. Kc2 exd3+ 34. Nxd3 Nce4
35. Rd1 Qg2+ 36. Kc1 Bc6 37. Bc8 Qf3 38. Bd4 Ba3+ 39. Nb2 Be8 40. Qf4 Bxg6 41.
Be6+ Kh7 42. Bxd5 Qxf4 43. exf4 Nf3 44. Bxe4 Bxe4 45. Bc3 b4 46. Be5 Nxe5 47.
fxe5 Kg8 48. Rf1 g6 49. Rf2 h5 50. Kd1 Bxb2 51. Rxb2 Kf7 52. Rd2 Ke6 53. Rd4
Kxe5 54. Rxb4 h4 55. Ke2 Kf4 56. Kf2 g5 57. Ra4 g4 58. Rxa6 g3+ 59. Kg1 Kg5 60.
Ra5+ Kg4 61. Ra4 Kf3 62. Ra6 h3 63. Rh6 h2+ 64. Rxh2 gxh2+ 65. Kxh2 Bd5 1/2-1/2

[Event "32nd ECC Women 2016"]
[Site "Novi Sad SRB"]
[Date "2016.11.09"]
[Round "4.5"]
[Board "3"]
[White "Santeramo, Alessia"]
[Black "Belenkaya, Dina"]
[Result "0-1"]
[WhiteTitle "WFM"]
[BlackTitle "WGM"]
[WhiteElo "2097"]
[BlackElo "2332"]
[WhiteTeam "SS Lazio Scacchi"]
[BlackTeam "Chigorin Chess Club St Petersburg"]
[WhiteFideId "850810"]
[BlackFideId "24142654"]
[EventDate "2016.11.06"]

1. e4 c6 2. d4 d5 3. Nd2 dxe4 4. Nxe4 Nf6 5. Nxf6+ exf6 6. c3 Bd6 7. Bd3 O-O 8.
Qc2 Re8+ 9. Ne2 Kh8 10. h4 Bg4 11. Bd2 Nd7 12. f3 Be6 13. O-O-O Nf8 14. Kb1 b5
15. g4 Qa5 16. b3 Qb6 17. g5 f5 18. h5 Qc7 19. g6 fxg6 20. hxg6 Nxg6 21. Bxf5
Bxf5 22. Qxf5 Rxe2 23. Qxg6 Bh2 24. Qh5 g6 25. Qh4 Rf8 26. Qg4 Qf7 27. Qh4 Qc7
28. Rhe1 Bg3 29. Qh6 Ree8 30. Re4 Qf7 31. Rh1 Bd6 32. Reh4 Re7 33. Bg5 Rd7 34.
f4 Re8 35. R4h2 Rf8 36. Qh3 Qf5+ 37. Qxf5 Rxf5 38. Re2 Bxf4 39. Bxf4 Rxf4 40.
Re6 g5 41. Rxc6 g4 42. Kc2 b4 43. Rc4 Rf2+ 44. Kd3 Rf3+ 45. Kc2 bxc3 46. Rxc3
Rf2+ 47. Kd3 g3 48. Rg1 Rf3+ 49. Kc2 Rxc3+ 50. Kxc3 Rg7 51. Kd3 h5 52. Ke3 h4
53. Kf3 h3 54. Rxg3 Rf7+ 55. Ke4 h2 56. Rh3+ Rh7 57. Rxh2 Rxh2 58. d5 Kg7 59. d6
Kf6 60. Kd5 Rxa2 61. Kc6 Ke6 62. b4 Rc2+ 63. Kb7 Kxd6 0-1

[Event "32nd ECC Women 2016"]
[Site "Novi Sad SRB"]
[Date "2016.11.09"]
[Round "4.5"]
[Board "4"]
[White "Balaian, Alina"]
[Black "Messina, Roberta"]
[Result "1-0"]
[WhiteTitle "WIM"]
[BlackTitle "WFM"]
[WhiteElo "2216"]
[BlackElo "2082"]
[WhiteTeam "Chigorin Chess Club St Petersburg"]
[BlackTeam "SS Lazio Scacchi"]
[WhiteFideId "24115347"]
[BlackFideId "819018"]
[EventDate "2016.11.06"]

1. e4 c5 2. Nf3 d6 3. d4 cxd4 4. Nxd4 Nf6 5. Nc3 a6 6. Be2 e6 7. O-O Be7 8. f4
Nc6 9. Be3 O-O 10. Qe1 Qc7 11. Qg3 Re8 12. e5 Nxd4 13. Bxd4 dxe5 14. Bxe5 Qb6+
15. Kh1 g6 16. Rad1 Qa5 17. Bf3 Ra7 18. a3 Nd7 19. Bd4 b6 20. Bc6 Rf8 21. Qf3
Rc7 22. Rfe1 Nb8 23. Ba8 Bd7 24. b4 Qxa3 25. Nd5 Bxb4 26. Nf6+ Kg7 27. Qxa3 1-0

[Event "32nd ECC Women 2016"]
[Site "Novi Sad SRB"]
[Date "2016.11.09"]
[Round "4.6"]
[Board "1"]
[White "Kashlinskaya, Alina"]
[Black "Hapala, Elisabeth"]
[Result "1-0"]
[WhiteTitle "IM"]
[BlackTitle "WFM"]
[WhiteElo "2450"]
[BlackElo "2042"]
[WhiteTeam "SHSM Legacy Square Moscow"]
[BlackTeam "ASVOE Pamhagen"]
[WhiteFideId "4198026"]
[BlackFideId "1622080"]
[EventDate "2016.11.06"]

1. d4 d5 2. c4 c6 3. Nf3 Nf6 4. Nc3 dxc4 5. a4 Bf5 6. e3 e6 7. Bxc4 Bb4 8. O-O
Nbd7 9. Nh4 O-O 10. h3 Rc8 11. Nxf5 exf5 12. Qf3 g6 13. g4 fxg4 14. hxg4 h5 15.
gxh5 Nxh5 16. Qg2 Kg7 17. e4 Nb6 18. Be2 Rh8 19. Be3 Qh4 20. Bg5 Nf4 21. Bxh4
Nxg2 22. Bg5 Nh4 23. e5 Nd7 24. Bg4 Nf5 25. Ne4 Rc7 26. Kg2 Nh4+ 27. Kg3 Nf5+
28. Kf4 Nxd4 29. Bxd7 Rxd7 30. Bf6+ Kg8 31. Bxh8 Kxh8 32. Rad1 Kg7 33. Kg4 Rd8
34. Nd6 Bxd6 35. Rxd4 Bc7 36. Rxd8 Bxd8 37. Rd1 Bb6 38. f4 Kf8 39. Rd7 Ke8 40.
Rxb7 c5 41. b3 1-0

[Event "32nd ECC Women 2016"]
[Site "Novi Sad SRB"]
[Date "2016.11.09"]
[Round "4.6"]
[Board "2"]
[White "Mira, Helene"]
[Black "Pustovoitova, Daria"]
[Result "0-1"]
[WhiteTitle "WIM"]
[BlackTitle "FM"]
[WhiteElo "2047"]
[BlackElo "2427"]
[WhiteTeam "ASVOE Pamhagen"]
[BlackTeam "SHSM Legacy Square Moscow"]
[WhiteFideId "1601601"]
[BlackFideId "4182146"]
[EventDate "2016.11.06"]

1. Nf3 c5 2. c4 Nc6 3. Nc3 e5 4. d3 d6 5. g3 g6 6. Nd5 Bg7 7. h4 h6 8. Bd2 Nge7
9. Qc1 Be6 10. Nxe7 Qxe7 11. e4 f5 12. Ng1 Nd4 13. Bg2 Qf7 14. Ne2 fxe4 15. Nxd4
exd4 16. Bxe4 Bf5 17. O-O Bxe4 18. Qe1 O-O 19. Qxe4 Rae8 20. Qg2 Re2 21. Rad1
Kh7 22. Bc1 b5 23. cxb5 Qxa2 24. Bf4 Qxb2 25. Bxd6 Rf7 26. Rb1 Qc2 27. Rbc1 Qxd3
28. Bxc5 Qxb5 29. h5 gxh5 30. Qd5 Qd7 31. Qxh5 Qe6 32. Rcd1 Re5 0-1

[Event "32nd ECC Women 2016"]
[Site "Novi Sad SRB"]
[Date "2016.11.09"]
[Round "4.6"]
[Board "3"]
[White "Savina, Anastasia"]
[Black "Horvath, Maria"]
[Result "1-0"]
[WhiteTitle "IM"]
[BlackTitle "WFM"]
[WhiteElo "2363"]
[BlackElo "1975"]
[WhiteTeam "SHSM Legacy Square Moscow"]
[BlackTeam "ASVOE Pamhagen"]
[WhiteFideId "4196872"]
[BlackFideId "1601660"]
[EventDate "2016.11.06"]

1. Nf3 d5 2. c4 c6 3. e3 Nf6 4. Nc3 Bf5 5. Qb3 Qb6 6. Qxb6 axb6 7. cxd5 Nxd5 8.
Nxd5 cxd5 9. Nd4 Bd7 10. Nb5 Bxb5 11. Bxb5+ Nc6 12. b3 e5 13. Bb2 Bd6 14. a3 O-O
15. b4 Rfc8 16. Ke2 Rc7 17. f3 Rac8 18. g3 f6 19. Ba4 Kf8 20. Rhf1 Ne7 21. f4
Ng6 22. Bb3 Rd8 23. Rac1 Rxc1 24. Rxc1 Bb8 25. fxe5 fxe5 26. Bxd5 Rxd5 27. Rc8+
Ke7 28. Rxb8 Rd7 29. e4 Kd6 30. Rg8 Re7 31. h4 Rf7 32. Rd8+ Kc7 33. Rd5 h5 34.
Bxe5+ Nxe5 35. Rxe5 g6 36. Rg5 Rf6 37. Ke3 Rc6 38. b5 Rc1 39. Rxg6 Ra1 40. Rg5
Rxa3+ 41. d3 1-0

[Event "32nd ECC Women 2016"]
[Site "Novi Sad SRB"]
[Date "2016.11.09"]
[Round "4.6"]
[Board "4"]
[White "Kosc, Renata"]
[Black "Shuvalova, Polina"]
[Result "0-1"]
[BlackTitle "WIM"]
[WhiteElo "2016"]
[BlackElo "2390"]
[WhiteTeam "ASVOE Pamhagen"]
[BlackTeam "SHSM Legacy Square Moscow"]
[WhiteFideId "1602578"]
[BlackFideId "24171760"]
[EventDate "2016.11.06"]

1. f4 d5 2. Nf3 Nf6 3. d3 c5 4. g3 Nc6 5. Bg2 e6 6. O-O Bd6 7. a4 O-O 8. e3 e5
9. Nc3 Re8 10. e4 exf4 11. gxf4 dxe4 12. dxe4 Nxe4 13. Nxe4 Rxe4 14. Ne5 Rd4 15.
Nxc6 bxc6 16. Qf3 Bf5 17. Be3 Be4 18. Qg3 Rb4 19. c3 Rc4 20. Rad1 Qc7 21. b3
Bxg2 22. bxc4 Bxf1 23. Kxf1 Re8 24. Qf3 g6 25. Kf2 Re6 26. h4 h5 27. Rd3 Qe7 28.
Kg3 Qf6 29. Qd1 Rxe3+ 30. Rxe3 Bxf4+ 31. Kf3 Bxe3+ 32. Kxe3 Qxc3+ 0-1

[Event "32nd ECC Women 2016"]
[Site "Novi Sad SRB"]
[Date "2016.11.09"]
[Round "4.7"]
[Board "1"]
[White "Efroimski, Marsel"]
[Black "Sandu, Mihaela"]
[Result "0-1"]
[WhiteTitle "WGM"]
[BlackTitle "WGM"]
[WhiteElo "2312"]
[BlackElo "2207"]
[WhiteTeam "Rishon Le Zion"]
[BlackTeam "Midland Monarchs"]
[WhiteFideId "2810964"]
[BlackFideId "1204327"]
[EventDate "2016.11.06"]

1. e4 c5 2. Nf3 e6 3. d4 cxd4 4. Nxd4 a6 5. Nc3 b5 6. Bd3 Qb6 7. Nf3 Qc7 8. O-O
Bb7 9. Bd2 Nc6 10. a4 b4 11. Na2 Nf6 12. Qe1 Rb8 13. Qe2 Be7 14. c3 bxc3 15.
Nxc3 Nb4 16. e5 Ng4 17. Be4 f5 18. Bxb7 Qxb7 19. h3 Nh6 20. Bxh6 gxh6 21. Rad1
O-O 22. Qd2 Rbd8 23. Qxh6 Rf7 24. Qd2 Rg7 25. Kh1 Kh8 26. Rg1 Bc5 27. a5 Ba7 28.
Qe2 Rdg8 29. g3 Nc6 30. Kh2 Nxa5 31. Ra1 Nc6 32. Rg2 Rb8 33. Rxa6 Qxb2 34. Qxb2
Rxb2 35. Nd1 Rb3 36. Nh4 Rg8 37. g4 f4 38. g5 Bb8 39. g6 Nxe5 40. gxh7 Rxg2+ 41.
Kxg2 Kxh7 42. Ra4 Rd3 43. Rb4 Bd6 44. Rb1 f3+ 45. Kg3 Nf7+ 46. Kg4 Nh6+ 47. Kg5
Be7+ 0-1

[Event "32nd ECC Women 2016"]
[Site "Novi Sad SRB"]
[Date "2016.11.09"]
[Round "4.7"]
[Board "2"]
[White "Srebrnic, Ana"]
[Black "Lahav, Michal"]
[Result "1/2-1/2"]
[WhiteTitle "WGM"]
[BlackTitle "WFM"]
[WhiteElo "2216"]
[BlackElo "2251"]
[WhiteTeam "Midland Monarchs"]
[BlackTeam "Rishon Le Zion"]
[WhiteFideId "14603314"]
[BlackFideId "2813742"]
[EventDate "2016.11.06"]

1. Nf3 Nf6 2. g3 b6 3. Bg2 Bb7 4. O-O e6 5. d3 Be7 6. e4 d6 7. Nc3 c5 8. Ne1 d5
9. e5 Nfd7 10. f4 Nc6 11. Ne2 b5 12. c3 Qb6 13. Be3 b4 14. Bf2 Ba6 15. Qd2 h5
16. Nf3 Rb8 17. h4 g6 18. Ng5 O-O 19. Rfd1 Rfc8 20. Rac1 Qa5 21. c4 Nb6 22. b3
Bb7 23. Qc2 dxc4 24. dxc4 Bxg5 25. hxg5 Ne7 26. Bxb7 Rxb7 27. Qe4 Rbc7 28. Rc2
Rd7 29. Rcd2 Rxd2 30. Rxd2 Qa3 31. Kg2 Nf5 32. Qb7 Kg7 33. Kh2 Qa5 34. Kg2 Qa3
35. Kh2 Qa5 36. Kg2 1/2-1/2

[Event "32nd ECC Women 2016"]
[Site "Novi Sad SRB"]
[Date "2016.11.09"]
[Round "4.7"]
[Board "3"]
[White "Federovski, Adi"]
[Black "Manelidou, Maria"]
[Result "1/2-1/2"]
[BlackTitle "WFM"]
[WhiteElo "1937"]
[BlackElo "2084"]
[WhiteTeam "Rishon Le Zion"]
[BlackTeam "Midland Monarchs"]
[WhiteFideId "2813777"]
[BlackFideId "4212240"]
[EventDate "2016.11.06"]

1. e4 e5 2. Nf3 Nc6 3. Bb5 Nge7 4. Nc3 Ng6 5. d4 exd4 6. Nxd4 Nxd4 7. Qxd4 c6 8.
Be2 Qb6 9. Qd3 Be7 10. a3 O-O 11. O-O d6 12. Be3 Qd8 13. f4 f5 14. Qc4+ Kh8 15.
Qb3 fxe4 16. Nxe4 d5 17. Ng3 Bd6 18. Nh5 Qe7 19. Rae1 Bc5 20. Bxc5 Qxc5+ 21. Kh1
b6 22. Qg3 Bf5 23. Bd3 Rf7 24. b4 Qf8 25. Qe3 Re7 26. Qd4 Bxd3 27. cxd3 Rae8 28.
Rxe7 Nxe7 29. Ng3 Nf5 30. Nxf5 Qxf5 31. h3 Qh5 32. f5 Qe2 33. Rf2 Qe1+ 34. Kh2
Kg8 35. Rc2 Qe5+ 36. Qxe5 Rxe5 37. Rxc6 Rxf5 38. Rd6 Re5 39. Rd8+ Kf7 40. Rd7+
Re7 41. Rxd5 Ke6 42. Rd4 Rc7 43. a4 Rc3 44. Re4+ Kd6 45. Re8 Ra3 46. Rg8 Rxa4
47. Rxg7 Rxb4 48. Rxa7 h5 49. Rh7 h4 50. Kg1 Rf4 51. g4 1/2-1/2

[Event "32nd ECC Women 2016"]
[Site "Novi Sad SRB"]
[Date "2016.11.09"]
[Round "4.7"]
[Board "4"]
[White "Serbanescu, Diana-Maria"]
[Black "Vardi, Shlomit"]
[Result "0-1"]
[WhiteElo "1989"]
[BlackElo "1889"]
[WhiteTeam "Midland Monarchs"]
[BlackTeam "Rishon Le Zion"]
[WhiteFideId "1200550"]
[BlackFideId "2801442"]
[EventDate "2016.11.06"]

1. e4 d6 2. d4 g6 3. Nc3 Bg7 4. Be3 a6 5. f4 b5 6. Bd3 Bb7 7. Nf3 Nf6 8. a3 O-O
9. Qd2 Nbd7 10. e5 Ng4 11. Bg1 e6 12. Be4 Qc8 13. Qe2 d5 14. Bd3 c5 15. h3 Nh6
16. Qf2 cxd4 17. Nxd4 Nc5 18. Rd1 f6 19. Qe2 Kh8 20. g4 fxe5 21. fxe5 Nf7 22.
Bh2 Qc7 23. Nf3 Nd7 24. O-O Ndxe5 25. Kg2 d4 26. Ne4 Qb6 27. Nfd2 Rac8 28. Bg3
Nc4 29. Bxc4 bxc4 30. Kh2 Qc6 31. Rde1 c3 32. bxc3 dxc3 33. Nb3 Qd5 34. Nf6 Bxf6
35. Rxf6 Ng5 36. Be5 Kg8 37. Ref1 Rxf6 38. Bxf6 Rf8 39. Bxg5 Rxf1 40. Qxf1 Qxg5
41. Qd3 Qe5+ 42. Qg3 Qe2+ 43. Kg1 Qd1+ 44. Kf2 Qxc2+ 45. Kg1 e5 46. Nc5 Bd5 47.
Nd7 Qd1+ 48. Kf2 Qd2+ 49. Kg1 c2 50. Nf6+ Kf7 0-1

[Event "32nd ECC Women 2016"]
[Site "Novi Sad SRB"]
[Date "2016.11.10"]
[Round "5.1"]
[Board "1"]
[White "Hou, Yifan"]
[Black "Galliamova, Alisa"]
[Result "1-0"]
[WhiteTitle "GM"]
[BlackTitle "IM"]
[WhiteElo "2635"]
[BlackElo "2434"]
[WhiteTeam "Cercle d'Echecs Monte-Carlo"]
[BlackTeam "Ladya Kazan"]
[WhiteFideId "8602980"]
[BlackFideId "4129725"]
[EventDate "2016.11.06"]

1. e4 c5 2. Nf3 e6 3. d4 cxd4 4. Nxd4 Nc6 5. Nc3 Qc7 6. Be3 a6 7. Qf3 Bd6 8.
O-O-O Be5 9. g3 b5 10. Qe2 Bb7 11. Bg2 Nge7 12. f4 Bxd4 13. Bxd4 Nxd4 14. Rxd4
Nc6 15. Rd2 d6 16. Rhd1 b4 17. Na4 Rd8 18. Qe3 O-O 19. Qb6 Qe7 20. b3 e5 21.
fxe5 Qxe5 22. Kb1 Ba8 23. Qxa6 Rd7 24. Qc4 Rb8 25. Qf1 Qe7 26. e5 Qxe5 27. Qf4
Qa5 28. Rd5 Qc7 29. Rxd6 Rxd6 30. Qxd6 Qxd6 31. Rxd6 Ne5 32. Bxa8 Rxa8 33. Rb6
h5 34. Rxb4 Nf3 35. Nb6 Re8 36. h3 g5 37. a4 h4 38. gxh4 Nxh4 39. a5 f5 40. a6
Kg7 41. a7 f4 42. Re4 Rxe4 43. a8=Q Re1+ 44. Kb2 Ng6 45. Nd7 Re3 46. Qd5 1-0

[Event "32nd ECC Women 2016"]
[Site "Novi Sad SRB"]
[Date "2016.11.10"]
[Round "5.1"]
[Board "2"]
[White "Ambartsumova, Karina"]
[Black "Muzychuk, Anna"]
[Result "0-1"]
[WhiteTitle "WGM"]
[BlackTitle "GM"]
[WhiteElo "2288"]
[BlackElo "2561"]
[WhiteTeam "Ladya Kazan"]
[BlackTeam "Cercle d'Echecs Monte-Carlo"]
[WhiteFideId "4166299"]
[BlackFideId "14111330"]
[EventDate "2016.11.06"]

1. e4 c5 2. Nf3 Nc6 3. Bb5 e6 4. O-O Nge7 5. c3 a6 6. Ba4 b5 7. Bc2 Bb7 8. Qe2
d5 9. e5 d4 10. Be4 Nd5 11. d3 dxc3 12. bxc3 Be7 13. c4 Nb6 14. Rd1 O-O 15. Na3
b4 16. Nc2 Qc7 17. Rb1 Rfd8 18. h4 h6 19. g4 Na5 20. Bd2 Bxe4 21. Qxe4 Qb7 22.
Qxb7 Nxb7 23. Nce1 a5 24. Kf1 Rd7 25. Ke2 Nd8 26. h5 Nc6 27. Nc2 Rad8 28. Bf4
Na4 29. Bd2 Rxd3 30. Nce1 Rxd2+ 31. Nxd2 Nc3+ 0-1

[Event "32nd ECC Women 2016"]
[Site "Novi Sad SRB"]
[Date "2016.11.10"]
[Round "5.1"]
[Board "3"]
[White "Muzychuk, Mariya"]
[Black "Nebolsina, Vera"]
[Result "1-0"]
[WhiteTitle "GM"]
[BlackTitle "WGM"]
[WhiteElo "2532"]
[BlackElo "2178"]
[WhiteTeam "Cercle d'Echecs Monte-Carlo"]
[BlackTeam "Ladya Kazan"]
[WhiteFideId "14114550"]
[BlackFideId "4163591"]
[EventDate "2016.11.06"]

1. e4 e5 2. Bc4 Nf6 3. d3 Nc6 4. Nf3 Bc5 5. c3 a6 6. O-O Ba7 7. a4 d6 8. Be3 h6
9. Na3 O-O 10. Nc2 d5 11. exd5 Nxd5 12. Bxa7 Rxa7 13. d4 exd4 14. Ncxd4 Nde7 15.
Qe2 Nxd4 16. Nxd4 Nf5 17. Rad1 Nd6 18. Bb3 Qf6 19. Rfe1 c5 20. Ne6 Bxe6 21. Bxe6
Nf5 22. Bxf5 Qxf5 23. Qe7 Raa8 24. Qxb7 Rab8 25. Qd5 Qc2 26. Qxc5 Rfc8 27. Qd4
Rxb2 28. Rc1 Qb3 29. h3 Ra2 30. Qd7 Qc4 31. Re4 Qxe4 32. Qxc8+ Kh7 33. Qxa6 Rxa4
34. Qf1 Rc4 35. Re1 Qc6 36. Qd3+ g6 37. Re3 Rf4 38. Qd8 Rf5 39. Qd4 Qb5 40. Re7
Qb1+ 41. Kh2 Qb8+ 42. g3 Qa8 43. c4 Qa2 44. Kg1 Qb1+ 45. Kg2 Qb4 46. Re8 1-0